History of global Christianity / (Registro nro. 31230)

Detalles MARC
000 -LEADER
campo de control de longitud fija 04521cam a22005894i 4500
003 - IDENTIFICADOR DE NÚMERO DE CONTROL
campo de control PE-LiUPU
005 - FECHA Y HORA DE LA ÚLTIMA TRANSACCIÓN
campo de control 20250731173115.0
008 - DATOS DE LONGITUD FIJA--INFORMACIÓN GENERAL
campo de control de longitud fija 190318m20172018ne a rb 001 0 eng d
020 ## - NÚMERO INTERNACIONAL ESTÁNDAR DEL LIBRO
Número Internacional Estándar del Libro 9789004341920
Información calificativa (volumen I)
020 ## - NÚMERO INTERNACIONAL ESTÁNDAR DEL LIBRO
Número Internacional Estándar del Libro 9789004352803
Información calificativa (volumen II)
020 ## - NÚMERO INTERNACIONAL ESTÁNDAR DEL LIBRO
Número Internacional Estándar del Libro 9789004352810
Información calificativa (volumen III)
035 ## - NÚMERO DE CONTROL DEL SISTEMA
Número de control de sistema (Sirsi) a251970
040 ## - FUENTE DE CATALOGACIÓN
Centro catalogador/agencia de origen PE-LiUPU
Lengua de catalogación spa
Centro/agencia transcriptor PE-LiUPU
Normas de descripción rda
Centro/agencia modificador PE-LiUPU
Normas de descripción rda
049 ## - FONDOS LOCALES (OCLC)
Biblioteca depositaria PRUA
082 04 - NÚMERO DE LA CLASIFICACIÓN DECIMAL DEWEY
Número de clasificación 270
Cutter H5
Número de edición 23
245 00 - MENCIÓN DEL TÍTULO
Título History of global Christianity /
Mención de responsabilidad, etc. Jens Holger Schjørring, Norman A. Hjelm, Kevin Ward (edited) ; David Orton (translations).
264 #1 - PRODUCCIÓN, PUBLICACIÓN, DISTRIBUCIÓN, FABRICACIÓN Y COPYRIGHT
Producción, publicación, distribución, fabricación y copyright Leiden :
Nombre del de productor, editor, distribuidor, fabricante Brill,
Fecha de producción, publicación, distribución, fabricación o copyright 2017-2018.
300 ## - DESCRIPCIÓN FÍSICA
Extensión 3 volumenes :
Otras características físicas ilustraciones ;
Dimensiones 27 centímetros
336 ## - TIPO DE CONTENIDO
Término de tipo de contenido text
Fuente rdacontent
337 ## - TIPO DE MEDIO
Nombre/término del tipo de medio unmediated
Fuente rdamedia
338 ## - TIPO DE SOPORTE
Nombre/término del tipo de soporte volume
Fuente rdacarrier
504 ## - NOTA DE BIBLIOGRAFÍA, ETC.
Nota de bibliografía, etc. Incluye bibliografía.
504 ## - NOTA DE BIBLIOGRAFÍA, ETC.
Nota de bibliografía, etc. Incluye índice.
505 0# - NOTA DE CONTENIDO CON FORMATO
Nota de contenido con formato Volumen I,
Título European and Global Christianity, ca. 1500-1789.
Nota de contenido con formato Catholicism in Spain, Portugal, and their empires -- The russian church, 1448-1701 -- Christians under ottoman rule, 1453-1800 -- Christianity in Africa, 1500-1800 -- Latin-European christianity in the 16th century -- Christianity in Asia, ca. 1500-1789 -- Christianity in Europe: The 17th century -- Famine, epidemics, War: The triple challenge of Central European christianity 1570-1720 -- Christian churches and communities in North America to 1800 -- Christianity in 18th century Europe.
505 0# - NOTA DE CONTENIDO CON FORMATO
Nota de contenido con formato Volumen II,
Título History of Christianity in the 19th century.
Nota de contenido con formato Revolutions and the church: The new era of modernity -- Roman catholicism, European ultramontanism, and the first vatican council -- The protestant missionary movement in the nineteenth century (late 18th century to 1914) -- Christianity in Russia, 1700-1917 -- Christianity in nineteenth- century North America -- Latin America and the Caribbean in the 19th century -- Christianity in Africa: The late 18th century to 1914 -- Christianity in the Middle East, 1799-1917 -- Asia in the 19th and early 20th centuries -- Christianity in the context of other world religions: Interreligious Dynamics and Developments in the 19th century.
505 0# - NOTA DE CONTENIDO CON FORMATO
Nota de contenido con formato Volumen III,
Título History of Christianity in the 20th century.
Nota de contenido con formato Christianity in the first world war -- Christianity in Europe and North America between the world wars, 1918-c.1939 -- The churches in the second world war -- Christianity in Europe and North America in the age of the cold war -- Part 2 Themes -- Christianity, human rights, and socio-ethical reorientations -- The ecumenical movement -- Vatican II: How the first global concil transformed catholicim -- Anti-semitism, holocaust, and recorientation -- Christianity in the context of other world religions: Interreligious Dynamics and developments in the 20th century -- Part 3 Continents -- The chistian century? a history of christianity in North America, 1900-2000 -- Christianity in Latin Americand the Caribbean in the 20th century -- African christianity in the twentieth century -- African christianity in the twentieth century-part two -- Christianity in the middle east, 1917-2017 -- Christianities in Asia in the twentieth century (1910-2010) -- Australia, New Zeland, and Oceania -- Christianitiy in Russia and Eastern Europe -- Christianity in Europe.
526 ## - NOTA DE INFORMACIÓN SOBRE EL PROGRAMA DE ESTUDIO
Nombre del programa Segunda Especialidad En Profecías Bíblicas
526 ## - NOTA DE INFORMACIÓN SOBRE EL PROGRAMA DE ESTUDIO
Nombre del programa Segunda Especialidad En Nuevo Testamento
526 ## - NOTA DE INFORMACIÓN SOBRE EL PROGRAMA DE ESTUDIO
Nombre del programa Segunda Especialidad En Antiguo Testamento
526 ## - NOTA DE INFORMACIÓN SOBRE EL PROGRAMA DE ESTUDIO
Nombre del programa Segunda Especialidad En Estudios Adventistas
526 ## - NOTA DE INFORMACIÓN SOBRE EL PROGRAMA DE ESTUDIO
Nombre del programa Doctorado en teología
526 ## - NOTA DE INFORMACIÓN SOBRE EL PROGRAMA DE ESTUDIO
Nombre del programa Maestría en teología histórica
526 ## - NOTA DE INFORMACIÓN SOBRE EL PROGRAMA DE ESTUDIO
Nombre del programa Maestría en teología bíblica
526 ## - NOTA DE INFORMACIÓN SOBRE EL PROGRAMA DE ESTUDIO
Nombre del programa Maestría en teología
526 ## - NOTA DE INFORMACIÓN SOBRE EL PROGRAMA DE ESTUDIO
Nombre del programa Maestría en misionología
526 ## - NOTA DE INFORMACIÓN SOBRE EL PROGRAMA DE ESTUDIO
Nombre del programa Maestría en liderazgo eclesiástico
526 ## - NOTA DE INFORMACIÓN SOBRE EL PROGRAMA DE ESTUDIO
Nombre del programa Teología
596 ## -
-- 1
650 04 - PUNTO DE ACCESO ADICIONAL DE MATERIA--TÉRMINO DE MATERIA
Término de materia o nombre geográfico como elemento de entrada Civilización cristiana.
650 #7 - PUNTO DE ACCESO ADICIONAL DE MATERIA--TÉRMINO DE MATERIA
Término de materia o nombre geográfico como elemento de entrada Cristianismo y cultura.
9 (RLIN) 1358
700 1# - ENTRADA AGREGADA--NOMBRE PERSONAL
Nombre de persona Schjørring, Jens Holger,
Término indicativo de función/relación editor.
700 1# - ENTRADA AGREGADA--NOMBRE PERSONAL
Nombre de persona Ward, Kevin,
Término indicativo de función/relación editor.
700 1# - ENTRADA AGREGADA--NOMBRE PERSONAL
Nombre de persona Hjelm, Norman A.,
Término indicativo de función/relación editor.
700 1# - ENTRADA AGREGADA--NOMBRE PERSONAL
Nombre de persona Orton, David,
Término indicativo de función/relación traductor.
910 ## - DATOS DE OPCIÓN DEL USUARIO (OCLC)
Datos de opción del usuario dbm
-- sag
-- sag
-- 20190318
942 ## - ELEMENTOS DE ENTRADA SECUNDARIOS (KOHA)
Fuente del sistema de clasificación o colocación Clasificación Decimal Dewey
Tipo de ítem Koha
994 ## -
-- C0
-- PEPRU
999 ## - NÚMEROS DE CONTROL DE SISTEMA (KOHA)
-- LC
-- 80000
-- 2021-11-10
-- 2
-- CCODEBUL1
-- BUL
-- 177.32
-- 0
-- Y
-- BOOK
-- 2019-3-18
-- TEOLOGIA
-- P33
-- DONACION
-- .STAFF. Colección Teología
999 ## - NÚMEROS DE CONTROL DE SISTEMA (KOHA)
-- DEWEY
-- 80001
-- 2021-11-10
-- 2
-- CCODEBUL1
-- BUL
-- 174.62
-- 0
-- Y
-- BOOK
-- 2019-3-18
-- TEOLOGIA
-- P33
-- DONACION
-- .STAFF. Colección Teología
999 ## - NÚMEROS DE CONTROL DE SISTEMA (KOHA)
-- DEWEY
-- 80002
-- 2019-7-23
-- 2021-11-10
-- 2
-- CCODEBUL1
-- BUL
-- 1
-- 170.57
-- 1
-- 0
-- Y
-- BOOK
-- 2019-3-18
-- TEOLOGIA
-- P35
-- DONACION
-- .STAFF. Colección Teología
980 ## - EQUIVALENCIA O REFERENCIA-CRUZADA-MENCIÓN DE SERIE--NOMBRE DE PERSONA/TÍTULO [LOCAL, CANADÁ]
ID del último usuario que modificó el registro 1
Nombre del último usuario que modificó el registro ALBERTO SANCHEZ Responsable de Automatización
Existencias
Visto por última vez Número de inventario Total de préstamos Signatura topográfica completa Código de barras Fecha del último préstamo Copia número Coste, precio de reemplazo Fecha de reemplazo Facultad Tipo de ítem Koha Nota pública Estado de pérdida Fuente del sistema de clasificación o colocación Restricciones de uso No para préstamo Colección Programa académico Biblioteca de origen Biblioteca actual Ubicación en estantería Fecha de adquisición Fuente de adquisición Coste, precio normal de compra
2025-12-02 3 1 270 H5 1 80000 2019-07-23 e1 182.32 2019-03-18 FSALUD Libros físicos inventario-2023-12-13 No Perdido Clasificación Decimal Dewey No restringido Disponible para préstamos Colección General Psicología Biblioteca CRAI UPeU Lima Biblioteca CRAI UPeU Lima Sala principal 2019-03-18 DONACION 177.32
2025-12-02 3   270 H5 2 80001   e1 179.62 2019-03-18 FSALUD Libros físicos inventario-2023-12-13 No Perdido Clasificación Decimal Dewey No restringido Disponible para préstamos Colección General Psicología Biblioteca CRAI UPeU Lima Biblioteca CRAI UPeU Lima Sala principal 2019-03-18 DONACION 174.62
2025-12-02 3   270 H5 3 80002   e1 175.57 2019-03-18 FSALUD Libros físicos inventario-2023-12-13 No Perdido Clasificación Decimal Dewey No restringido Disponible para préstamos Colección General Psicología Biblioteca CRAI UPeU Lima Biblioteca CRAI UPeU Lima Sala principal 2019-03-18 DONACION 170.57